Siglo XV - Estadísticas

Estadísticas generales
  • Esta prueba ha sido intentada 324 veces
  • La puntuación promedio es 12 de 20
Estadísticas de respuestas
Año Descripción Respuesta % Correcto
1492 Este explorador "descubre" el Nuevo Mundo Cristóbal Colón
100%
1469 Este país se une después de que Fernando de Aragón se case con Isabel de Castilla España
93%
1450 Johannes Gutenberg inventa este dispositivo (aunque ya existía en China) Imprenta
88%
1431 Esta guerrera francesa es quemada en la hoguera por los ingleses Juana de Arco
88%
1453 Esta ciudad es capturada por los turcos, poniendo fin al imperio bizantino Constantinopla
83%
1490 Este artista dibuja "El Hombre de Vitruvio" Leonardo da Vinci
82%
1400s La familia Médici se convierte en gobernante de facto de esta ciudad Florencia
79%
1448–1476 Este gobernante de Valaquia se hizo famoso por empalar a sus enemigos Vlad El Empalador
73%
1406–1420 El palacio de la Ciudad Prohibida está construido en esta capital Pekín
68%
1497 Este explorador portugués navega de Europa a la India Vasco da Gama
64%
1455–1502 Esta familia española produce dos Papas, famosos por el vicio y la corrupción Borja
59%
1430 Los asentamientos nórdicos en esta isla se derrumban sin supervivientes Groenlandia
57%
1455–1487
Las casas de Lancaster y York luchan en esta serie de guerras por
la corona inglesa
Guerra de las Dos {Rosas}
57%
1405–1433 Este país lanza una "flota del tesoro" de más de 300 barcos repartiendo regalos por todo el Océano Índico China
51%
1400s Este deporte se inventa en Escocia Golf
38%
1487 El duque de Baviera promulga leyes relativas a la pureza de esta sustancia Cerveza
35%
1494 Primera prueba de esta "agua de vida" en Escocia Whisky Escocés
34%
1485
Este rey jorobado de Inglaterra encuentra su fin en la
Batalla de Bosworth
Ricardo III
24%
1400s Esta ave gigante es llevada a la extinción por cazadores maoríes en Nueva Zelanda Moas
9%
1415 Contra todo pronóstico, Enrique V derrota a los franceses en esta famosa batalla. Batalla de {Azincourt}
7%
No se encontraron pruebas coincidentes
Distribución de puntuación
Porcentaje de gente con cada puntuación
Porcentaje por número respondido
Historial de tus puntuaciones
No has intentado esta prueba.